| 000 | 00965nam a2200253Ia 4500 | ||
|---|---|---|---|
| 008 | 130821s2002 ck a gs spa | ||
| 040 |
_aCo-BoUCM _bspa |
||
| 041 | 0 | 0 | _aspa |
| 100 | 1 |
_aParra Escobar, Armando _9113711 |
|
| 245 | 1 | 0 |
_aPlaneación tributaria para la organización estrategias y objetivos _cArmando Parra Escobar |
| 250 | _a2a. ed. | ||
| 260 |
_aBogotá (Colombia) _bLegis _c2002 |
||
| 300 |
_a807 páginas _bcuadros, tablas _e1 CD-ROM |
||
| 504 | _aIncluye índices general, por materias e informativo. | ||
| 650 | 0 | 4 |
_aDeclaración de renta _zColombia _912494 |
| 650 | 0 | 4 |
_aDerecho tributario _912836 |
| 650 | 0 | 4 |
_aDerecho tributario _zColombia _938466 |
| 650 | 0 | 4 |
_aEmpresas _xLegislación _zColombia _97561 |
| 650 | 0 | 4 |
_aImpuestos sobre la renta _zColombia _946293 |
| 650 | 0 | 4 |
_aImpuestos _zColombia _917253 |
| 650 | 0 | 4 |
_aRenta y patrimonio _zColombia _923549 |
| 942 |
_cLIBRO _a8 _e2 _mP259p _2DEWEY _h336.2 |
||
| 999 |
_c41609 _d41609 |
||